[Event "Barcelos op"]
[Site "Barcelos"]
[Date "2010.01.26"]
[Round "4"]
[White "Fitas, Carlos"]
[Black "Silva, Luis Neves Da"]
[Result "0-1"]
[WhiteElo "1450"]
[BlackElo "1734"]
[PlyCount "59"]
[EventDate "2010.01.14"]
[EventType "swiss"]
[EventRounds "5"]
[EventCountry "POR"]
[SourceTitle "EXT 2012"]
[Source "ChessBase"]
[SourceDate "2011.11.24"]
[SourceVersion "1"]
[SourceVersionDate "2011.11.24"]
[SourceQuality "1"]

1. e4 c5 2. d4 cxd4 3. c3 d5 4. Nf3 dxe4 5. Nxd4 e5 6. Nb3 Qxd1+ 7. Kxd1 Nf6 8. Bg5 Be7 9. N1d2 Bf5 10. Bb5+ Nbd7 11. Nc4 0-0-0 12. Ke2 h6 13. Bxf6 gxf6 14. Rad1 a6 15. Bxd7+ Bxd7 16. Nb6+ Kc7 17. Nd5+ Kd6 18. Nxf6+ Ke6 19. Nxe4 Bb5+ 20. Ke3 b6 21. Rhe1 f5 22. Ned2 Rd3+ 23. Ke2 Rxc3+ 24. Nc4 Bxc4+ 25. Kd2 Rd3+ 26. Kc2 Bxb3+ 27. Kxd3 Bxd1 28. Rxd1 Rd8+ 29. Ke2 Rxd1 30. Kxd1 0-1